[Event "Titled Tue 27th May Early"]
[Site "chess.com INT"]
[Date "2025.05.27"]
[Round "10"]
[White "Vaganian, Rafael A"]
[Black "Kosteniuk, Alexandra"]
[Result "1-0"]
[WhiteTitle "GM"]
[BlackTitle "GM"]
[WhiteElo "2449"]
[BlackElo "2479"]
[WhiteFideId "13300016"]
[BlackFideId "4128125"]
[EventDate "2025.05.27"]

1. d4 Nf6 2. Nf3 d5 3. c4 e6 4. Nc3 dxc4 5. e3 a6 6. Bxc4 b5 7. Be2 Bb7 8. O-O
Nbd7 9. b3 c5 10. dxc5 Bxc5 11. Bb2 O-O 12. a4 b4 13. Nb1 Qe7 14. Nbd2 Rfd8 15.
Rc1 Rac8 16. Bd3 e5 17. Bc4 a5 18. Qe2 h6 19. Ba6 Bxa6 20. Qxa6 Ra8 21. Qb5 Rdb8
22. Qe2 Rc8 23. Nc4 e4 24. Nd4 g6 25. Rfd1 h5 26. Ba1 Ng4 27. Qb2 f6 28. Qc2
Bxd4 29. Rxd4 Qg7 30. Qxe4 Nc5 31. Qd5+ Kh7 32. Nd6 Nxb3 33. Rxc8 Rxc8 34. Nxc8
Nxa1 35. Qd7 Nc2 36. Qxg7+ Kxg7 37. Rd7+ Kf8 38. Nd6 b3 39. Rb7 Nb4 40. Nc4 Ne5
41. Nxa5 b2 42. Rxb4 Nd3 43. Rb3 Ke7 44. Nc4 1-0

[Event "Titled Tue 27th May Early"]
[Site "chess.com INT"]
[Date "2025.05.27"]
[Round "10"]
[White "Punin, Andrii"]
[Black "Ivashentseva, Dominika"]
[Result "1-0"]
[WhiteTitle "FM"]
[BlackTitle "WCM"]
[WhiteElo "2289"]
[BlackElo "1921"]
[WhiteFideId "14112639"]
[BlackFideId "34331050"]
[EventDate "2025.05.27"]

1. e4 c5 2. Be2 Nc6 3. f4 Nd4 4. Nf3 Nxe2 5. Qxe2 e6 6. Nc3 Be7 7. d4 cxd4 8.
Nxd4 Nf6 9. e5 Nd5 10. Nxd5 exd5 11. Be3 O-O 12. O-O-O d6 13. exd6 Qxd6 14. g4
Re8 15. Qf3 Bf6 16. Nb3 Bxg4 17. Qxg4 Rxe3 18. Qf5 Rd8 19. Kb1 Re4 20. Rhf1 b6
21. Qh5 a5 22. Nc1 a4 23. a3 Re3 24. Nd3 Qc6 25. Qg4 Qb5 26. Ne5 Bxe5 27. fxe5
Rxe5 28. Rg1 g6 29. Rd4 Ra8 30. Qf4 Re2 31. Rf1 Qd7 32. Qf3 Re5 33. h4 Rf5 34.
Qh1 Rxf1+ 35. Qxf1 Re8 36. h5 Qc6 37. Rd1 b5 38. h6 Rc8 39. Qf2 f6 40. c3 Qe6
41. Ka1 Re8 42. Qa7 Re7 43. Qb8+ Re8 44. Qxb5 Qe2 45. Qxd5+ Kh8 46. Rb1 Qe6 47.
Qb5 f5 48. Qxa4 g5 49. Qd4+ Qe5 50. Re1 Qxd4 51. Rxe8# 1-0

[Event "Titled Tue 27th May Early"]
[Site "chess.com INT"]
[Date "2025.05.27"]
[Round "10"]
[White "Zobel, Christian"]
[Black "El Zein, Zayne-Eddine"]
[Result "0-1"]
[WhiteTitle "CM"]
[BlackTitle "CM"]
[WhiteElo "2157"]
[BlackElo "2146"]
[WhiteFideId "16259068"]
[BlackFideId "5313210"]
[EventDate "2025.05.27"]

1. d4 d6 2. c4 e5 3. dxe5 dxe5 4. Qxd8+ Kxd8 5. Nf3 f6 6. a3 Be6 7. e3 Nd7 8.
Nc3 c6 9. b4 Kc7 10. Bb2 a5 11. b5 Ne7 12. Nd2 Nc8 13. Be2 Ncb6 14. O-O Nc5 15.
a4 Be7 16. Ba3 Nbd7 17. Rab1 Rhe8 18. Ra1 Rad8 19. Nde4 Nxe4 20. Nxe4 Bxa3 21.
Rxa3 f5 22. Ng5 Bg8 23. Nf3 Nc5 24. Rc1 h6 25. h4 Be6 26. Kf1 Bf7 27. Ke1 Rd6
28. Rd1 Rxd1+ 29. Kxd1 Rd8+ 30. Kc2 Kd6 31. Ra1 Ke6 32. Nd2 Bg6 33. f3 f4+ 34.
e4 Rxd2+ 35. Kxd2 Nb3+ 36. Kc3 Nxa1 37. Kb2 Kd6 38. Kxa1 Kc5 39. Kb2 Kb4 40.
bxc6 bxc6 41. Kc2 c5 42. Kb2 Be8 43. Kc2 Bxa4+ 44. Kb2 Bb3 45. Bd3 a4 0-1

[Event "Titled Tue 27th May Early"]
[Site "chess.com INT"]
[Date "2025.05.27"]
[Round "10"]
[White "Jahnz, Laurin"]
[Black "Korneev Leskova, Svyatoslav"]
[Result "0-1"]
[WhiteTitle "CM"]
[BlackTitle "CM"]
[WhiteElo "2233"]
[BlackElo "2172"]
[WhiteFideId "16261089"]
[BlackFideId "22267565"]
[EventDate "2025.05.27"]

1. e4 Nc6 2. d4 d5 3. e5 Bf5 4. f4 e6 5. Nf3 h6 6. Bd3 Bxd3 7. Qxd3 Nge7 8. Be3
Nf5 9. Bf2 h5 10. Nbd2 Be7 11. O-O Qd7 12. a3 O-O 13. b4 Rfc8 14. Nb3 b6 15. c4
a5 16. b5 Na7 17. a4 dxc4 18. Qxc4 c6 19. bxc6 Rxc6 20. Qd3 Rac8 21. Nfd2 Rc3
22. Qe4 Nc6 23. Rfc1 Nb4 24. Rxc3 Rxc3 25. Qe2 g6 26. Qb5 Qxb5 27. axb5 Nc2 28.
Rc1 Bb4 29. d5 exd5 30. Bxb6 a4 31. Na1 Nxa1 32. Rxa1 a3 33. Ba7 Rd3 34. Nf3 Ne3
35. b6 Bc5 36. Ne1 Rd1 37. Rxd1 Nxd1+ 38. Kf1 a2 39. Nc2 Ne3+ 40. Nxe3 Bxe3 41.
b7 Bxa7 0-1

[Event "Titled Tue 27th May Early"]
[Site "chess.com INT"]
[Date "2025.05.27"]
[Round "10"]
[White "Mikhalsky, Vladimir"]
[Black "Sheremetev, Vladislav"]
[Result "0-1"]
[BlackTitle "CM"]
[WhiteElo "2219"]
[BlackElo "2160"]
[WhiteFideId "14144352"]
[BlackFideId "54188300"]
[EventDate "2025.05.27"]

1. d4 Nf6 2. c4 e6 3. Nf3 Bb4+ 4. Bd2 Qe7 5. g3 Nc6 6. Bg2 Bxd2+ 7. Nbxd2 d6 8.
Rc1 a5 9. c5 O-O 10. O-O e5 11. cxd6 cxd6 12. dxe5 dxe5 13. Nc4 Bg4 14. Qa4 Bxf3
15. Bxf3 Nd4 16. Nb6 Ra6 17. Nc8 Qb4 18. Qxb4 axb4 19. Bxb7 Rxa2 20. Rb1 Nxe2+
21. Kg2 Nd4 22. Rfe1 Re8 23. Nd6 Re7 24. Bc8 g6 25. h4 h5 26. Bh3 b3 27. Nc4 e4
28. Red1 Nc2 29. Rd6 Kg7 30. Rb6 e3 31. fxe3 Nxe3+ 32. Nxe3 Rxe3 33. Rb7 Ne4 34.
Be6 Rxg3+ 35. Kh2 Rf3 36. Bd5 Rf4 37. Bxb3 Rxh4+ 38. Kg2 Ra5 39. Rxf7+ Kh6 40.
Bc2 Rg5+ 41. Kf3 Nd2+ 42. Ke2 Nxb1 43. Bxb1 Rh2+ 44. Ke3 Rxb2 45. Be4 Rg3+ 46.
Kf4 Rg4+ 47. Ke5 Re2 0-1

[Event "Titled Tue 27th May Early"]
[Site "chess.com INT"]
[Date "2025.05.27"]
[Round "10"]
[White "Preobrazhenskaya, Diana"]
[Black "Rushbrooke, Remy"]
[Result "1-0"]
[WhiteTitle "WFM"]
[WhiteElo "2103"]
[BlackElo "2090"]
[WhiteFideId "34270566"]
[BlackFideId "443590"]
[EventDate "2025.05.27"]

1. e4 c5 2. Nf3 Nc6 3. Bb5 Nf6 4. Bxc6 dxc6 5. d3 g6 6. O-O Bg7 7. h3 O-O 8. Re1
Qc7 9. a4 e5 10. Nbd2 Ne8 11. Nc4 Qe7 12. a5 Nc7 13. Be3 f6 14. c3 Be6 15. Qb3
Rab8 16. Qa3 b6 17. axb6 axb6 18. Nxb6 Nb5 19. Qxc5 Qxc5 20. Bxc5 Rfd8 21. d4
Bf8 22. Na4 exd4 23. cxd4 Bb3 24. Bxf8 Kxf8 25. Nc5 Nxd4 26. Nxd4 Rxd4 27. e5
fxe5 28. Rxe5 Rb5 29. Ra8+ Kf7 30. Rae8 Bd5 31. R8e7+ Kg8 32. Nd7 Rxb2 33. Nf6+
Kf8 34. Nxh7+ Kg8 35. Nf6+ Kf8 36. Nd7+ Kg8 37. Re8+ Kf7 38. R5e7# 1-0

[Event "Titled Tue 27th May Early"]
[Site "chess.com INT"]
[Date "2025.05.27"]
[Round "10"]
[White "Bendayan Claros, Aaron"]
[Black "Vlassov, Nikolai"]
[Result "0-1"]
[WhiteTitle "CM"]
[BlackTitle "IM"]
[WhiteElo "2224"]
[BlackElo "2291"]
[WhiteFideId "3803392"]
[BlackFideId "4103360"]
[EventDate "2025.05.27"]

1. d4 Nf6 2. Nf3 g6 3. Nbd2 d5 4. e3 Bg7 5. c4 c5 6. cxd5 cxd4 7. Bb5+ Bd7 8.
Bxd7+ Qxd7 9. Nxd4 Qxd5 10. O-O O-O 11. N2f3 Nc6 12. Qb3 Nxd4 13. Nxd4 Rfd8 14.
Bd2 Ne4 15. Bc3 Bxd4 16. Bxd4 e5 17. Bc3 Qxb3 18. axb3 Nxc3 19. bxc3 Rd3 20.
Rfc1 a6 21. Ra5 Rc8 22. h4 Rdxc3 23. Rd1 Rc1 24. Rxc1 Rxc1+ 25. Kh2 Rb1 26. Rxe5
Rxb3 27. g4 b5 28. Re8+ Kg7 29. Ra8 Ra3 30. Rb8 Ra4 31. Kg3 b4 32. f4 a5 33. g5
Ra3 34. Kf3 b3 35. f5 gxf5 36. h5 h6 37. Kf4 a4 38. Rb7 hxg5+ 39. Kxg5 Ra2 40.
h6+ Kg8 41. Kf6 b2 42. Rb8+ Kh7 43. Rf8 b1=Q 44. Rxf7+ Kxh6 0-1

[Event "Titled Tue 27th May Early"]
[Site "chess.com INT"]
[Date "2025.05.27"]
[Round "10"]
[White "Mizzi, Jack"]
[Black "Barrientos, Ernesto"]
[Result "1/2-1/2"]
[WhiteTitle "CM"]
[BlackTitle "CM"]
[WhiteElo "2086"]
[BlackElo "2027"]
[WhiteFideId "5602521"]
[BlackFideId "3701247"]
[EventDate "2025.05.27"]

1. d4 d5 2. c4 e6 3. Nf3 h6 4. g3 Nf6 5. Bg2 dxc4 6. O-O Be7 7. Ne5 O-O 8. Nxc4
c5 9. dxc5 Bxc5 10. Nc3 Nc6 11. Bf4 Qe7 12. Bd6 Bxd6 13. Qxd6 Rd8 14. Qxe7 Nxe7
15. Rfd1 Bd7 16. Nd6 Bc6 17. Nxb7 Rxd1+ 18. Rxd1 Bxb7 19. Bxb7 Rb8 20. Be4 Nxe4
21. Nxe4 Rxb2 22. Rd8+ Kh7 23. Rd7 Rxe2 24. Rxe7 Rxe4 25. Rxa7 Kg6 26. Kg2 Re2
27. Kf3 Rb2 28. Ra5 f5 29. h4 Kf6 30. Ra8 g5 31. hxg5+ hxg5 32. a4 g4+ 33. Kg2
Ke5 34. a5 Ke4 35. a6 e5 36. Rc8 Ra2 37. Rc6 f4 38. gxf4 exf4 39. Rc4+ Ke5 40.
Rc1 g3 41. Rf1 gxf2 42. Rxf2 Rxa6 43. Rb2 Kf5 44. Kf2 Kg4 45. Kg2 Ra3 46. Rc2
Rg3+ 47. Kf2 Rf3+ 48. Kg2 Rg3+ 49. Kf2 Rh3 50. Rc8 Rh2+ 51. Kg1 Ra2 52. Rc3 Re2
53. Rb3 Re3 54. Rb2 Kg3 55. Kf1 Rc3 56. Rg2+ Kf3 57. Rf2+ Kg4 58. Rg2+ Rg3 59.
Ra2 Rf3+ 60. Kg2 Rb3 61. Rc2 Rg3+ 1/2-1/2

[Event "Titled Tue 27th May Early"]
[Site "chess.com INT"]
[Date "2025.05.27"]
[Round "10"]
[White "Dyulgerov, Volen"]
[Black "Toktomushev, Teimur"]
[Result "0-1"]
[WhiteTitle "CM"]
[BlackTitle "FM"]
[WhiteElo "2200"]
[BlackElo "2398"]
[WhiteFideId "2918978"]
[BlackFideId "14176726"]
[EventDate "2025.05.27"]

1. e4 c5 2. d4 cxd4 3. c3 dxc3 4. Nxc3 e6 5. Bc4 Nc6 6. Nf3 Bb4 7. O-O Nge7 8.
Nd5 exd5 9. exd5 O-O 10. Bg5 Qc7 11. Rc1 h6 12. Bh4 Nf5 13. a3 Bd6 14. Bd3 Nxh4
15. Nxh4 Bxh2+ 16. Kh1 Bf4 17. Qh5 Qe5 18. Nf5 g6 19. Qg4 h5 20. Qh4 Bxc1 21.
dxc6 dxc6 22. f4 Qxb2 23. Ne7+ Kg7 24. f5 Qf6 25. Qg3 Qg5 26. f6+ Kh7 27. Qf3
Bb2 28. Re1 Bg4 29. Qf2 Bxf6 30. Re4 Bxe7 31. Rf4 Kg7 32. Be2 Bf6 33. Bd3 Rad8
34. g3 Rxd3 35. Qc5 Rd1+ 36. Kg2 Qxc5 37. Rf3 Qc2+ 0-1

[Event "Titled Tue 27th May Early"]
[Site "chess.com INT"]
[Date "2025.05.27"]
[Round "10"]
[White "Luukkonen, Tommi"]
[Black "Gonzalez Vega, Alejandro"]
[Result "0-1"]
[WhiteTitle "FM"]
[BlackTitle "FM"]
[WhiteElo "2250"]
[BlackElo "2092"]
[WhiteFideId "501808"]
[BlackFideId "3510042"]
[EventDate "2025.05.27"]

1. d4 d5 2. c4 e6 3. Nc3 Nf6 4. cxd5 exd5 5. Bg5 Nbd7 6. e3 Be7 7. Bd3 c6 8. Qc2
O-O 9. Nge2 Re8 10. O-O h6 11. Bh4 Nf8 12. f3 Ne6 13. Rad1 a6 14. Kh1 Nf8 15. e4
dxe4 16. fxe4 Ng4 17. Bxe7 Qxe7 18. Qd2 Qh4 19. Qf4 Be6 20. e5 g5 21. Qg3 Qxg3
22. Nxg3 Ne3 23. Nce4 Nd7 24. Nd6 Rf8 25. b4 Nxd1 26. Rxd1 f6 27. Re1 fxe5 28.
dxe5 c5 29. a3 cxb4 30. axb4 Rf2 31. Nge4 Rf4 32. g3 Rf3 33. Bc4 Bxc4 34. Nxc4
Re8 35. Ned6 Re7 36. Kg2 Rc3 37. Nf5 Re6 38. Ncd6 g4 39. Re4 h5 40. Nd4 Rxe5 41.
Re3 Rexe3 0-1

[Event "Titled Tue 27th May Early"]
[Site "chess.com INT"]
[Date "2025.05.27"]
[Round "10"]
[White "Dominguez, Ramiro"]
[Black "Safin Safarullakhan"]
[Result "1-0"]
[WhiteTitle "FM"]
[BlackTitle "CM"]
[WhiteElo "2185"]
[BlackElo "2109"]
[WhiteFideId "4420055"]
[BlackFideId "33379475"]
[EventDate "2025.05.27"]

1. e4 c5 2. Ne2 d6 3. g3 g6 4. Bg2 Bg7 5. c3 e5 6. d4 cxd4 7. cxd4 exd4 8. Nxd4
Nc6 9. Be3 Qa5+ 10. Nc3 Nge7 11. O-O O-O 12. Nxc6 Nxc6 13. Qxd6 Be6 14. Qc5 Qc7
15. Nd5 Qe5 16. f4 Qxb2 17. Rab1 Qxa2 18. Rxb7 Rac8 19. Qb5 Nd4 20. Qd3 Rc2 21.
Rf2 Rxf2 22. Bxf2 Ne2+ 23. Kh1 Rc8 24. Ne7+ Kh8 25. Nxc8 h6 26. Nd6 a5 27. Bf3
Nc1 28. Qf1 a4 29. f5 Bb3 30. fxg6 fxg6 31. Ne8 Nd3 32. Be3 Be5 33. Qxd3 Bc4 34.
Qd7 Qa1+ 35. Bg1 Qf1 36. Qh7# 1-0

[Event "Titled Tue 27th May Early"]
[Site "chess.com INT"]
[Date "2025.05.27"]
[Round "10"]
[White "Lacasa Diaz, Josep Anton"]
[Black "Vykouk, Jan"]
[Result "0-1"]
[WhiteTitle "IM"]
[BlackTitle "IM"]
[WhiteElo "2304"]
[BlackElo "2496"]
[WhiteFideId "2203375"]
[BlackFideId "349658"]
[EventDate "2025.05.27"]

1. d4 Nf6 2. Nf3 g6 3. c4 Bg7 4. Nc3 O-O 5. e4 d6 6. Be2 Nbd7 7. O-O e5 8. Be3
c6 9. d5 c5 10. Ne1 Ne8 11. Nd3 f5 12. f3 f4 13. Bf2 g5 14. a3 Rf7 15. b4 b6 16.
Rb1 Bf8 17. Kh1 h5 18. Rg1 Rg7 19. g3 Nef6 20. gxf4 exf4 21. bxc5 bxc5 22. Qc2
Ne5 23. Nxe5 dxe5 24. Rb5 a6 25. Rbb1 Bd6 26. Na4 Bh3 27. Nxc5 Bxc5 28. Bxc5 g4
29. Bb6 Qe8 30. c5 g3 31. Bf1 Bxf1 32. Rbxf1 h4 33. h3 Qc8 34. Kg2 Nh7 35. Qc3
Ng5 36. Rh1 Rb8 37. Qxe5 Rxb6 38. cxb6 Qc2+ 39. Kg1 Nf7 40. Qc7 Qd2 41. b7 Qe3+
42. Kg2 Qe2+ 43. Kg1 g2 44. b8=Q+ Kh7 45. Rf2 Qe1+ 0-1

[Event "Titled Tue 27th May Early"]
[Site "chess.com INT"]
[Date "2025.05.27"]
[Round "10"]
[White "Lazavik, Denis"]
[Black "So, Wesley"]
[Result "0-1"]
[WhiteTitle "GM"]
[BlackTitle "GM"]
[WhiteElo "2577"]
[BlackElo "2751"]
[WhiteFideId "13515110"]
[BlackFideId "5202213"]
[EventDate "2025.05.27"]

1. d4 Nf6 2. c4 e6 3. Nc3 d5 4. cxd5 exd5 5. Bg5 c6 6. e3 Bf5 7. Nge2 h6 8. Bf4
Nbd7 9. Ng3 Be6 10. h4 Nb6 11. Bd3 Bd6 12. Nge2 Nh5 13. Bxd6 Qxd6 14. Qd2 O-O
15. Rg1 Nf6 16. f3 c5 17. g4 cxd4 18. exd4 Nfd7 19. g5 h5 20. O-O-O g6 21. Nf4
Rfc8 22. Rde1 Nf8 23. Kb1 Nc4 24. Bxc4 Rxc4 25. Ka1 Rac8 26. Re5 Nd7 27. Re2
Rxc3 28. bxc3 Bf5 29. Rge1 Kf8 30. Qe3 Kg7 31. Qc1 b5 32. Re8 Rc7 33. Qd2 Nb6
34. Rb8 b4 35. cxb4 Rc2 36. Ree8 Qxb8 37. Qxc2 Qxe8 38. Nxh5+ gxh5 39. Qxf5 Qe1+
40. Kb2 Qxb4+ 41. Kc2 Qc4+ 42. Kb1 Qb4+ 43. Kc2 Qxd4 44. f4 Qe4+ 45. Qxe4 dxe4 0-1

[Event "Titled Tue 27th May Early"]
[Site "chess.com INT"]
[Date "2025.05.27"]
[Round "10"]
[White "Zdorov, Egor Vit"]
[Black "Korchynskyi, Mykola"]
[Result "0-1"]
[WhiteTitle "CM"]
[BlackTitle "FM"]
[WhiteElo "2100"]
[BlackElo "2325"]
[WhiteFideId "55688560"]
[BlackFideId "34138005"]
[EventDate "2025.05.27"]

1. d4 Nf6 2. c4 e6 3. Nc3 Bb4 4. Qc2 O-O 5. e4 d6 6. Bd3 Nc6 7. Ne2 e5 8. a3
exd4 9. axb4 Nxb4 10. Qd1 dxc3 11. Nxc3 Nxd3+ 12. Qxd3 Re8 13. O-O b6 14. b3 Bb7
15. f3 Qd7 16. Bb2 a5 17. Rad1 Re6 18. Rfe1 Rae8 19. Nd5 Nxd5 20. cxd5 Rg6 21.
Kh1 h5 22. Rc1 c6 23. dxc6 Bxc6 24. Red1 h4 25. Qc3 d5 26. exd5 Bxd5 27. Qd4 Rd8
28. Qxh4 Re8 29. Qd4 Re2 30. Rg1 Qf5 31. Rcd1 Bxf3 32. Qh4 Re8 33. Qf2 Be4 34.
Qxf5 Bxf5 35. Rge1 Be4 36. Rg1 Rc8 37. Rd2 Rc2 38. Rxc2 Bxc2 39. Bd4 Bxb3 40.
Rb1 a4 41. Bxb6 Rxb6 0-1

[Event "Titled Tue 27th May Early"]
[Site "chess.com INT"]
[Date "2025.05.27"]
[Round "10"]
[White "Gabrielian, Artur"]
[Black "Cernov, Henrik"]
[Result "1-0"]
[WhiteTitle "GM"]
[BlackTitle "FM"]
[WhiteElo "2419"]
[BlackElo "2325"]
[WhiteFideId "4131002"]
[BlackFideId "16258312"]
[EventDate "2025.05.27"]

1. Nf3 Nf6 2. g3 g6 3. Bg2 Bg7 4. c4 O-O 5. d4 d6 6. Nc3 Nc6 7. d5 Na5 8. b3 c5
9. Bd2 a6 10. O-O Rb8 11. e4 b5 12. e5 Ng4 13. exd6 exd6 14. cxb5 axb5 15. Rc1
Bf5 16. Re1 Qb6 17. Ne4 c4 18. Bxa5 Qxa5 19. Nxd6 Nxf2 20. Kxf2 Qb6+ 21. Re3
Qxd6 22. bxc4 bxc4 23. Rxc4 Rb2+ 24. Re2 Qb6+ 25. Kf1 Rb1 26. Rc1 Rxc1 27. Qxc1
Bd3 28. Qd2 Qb5 29. Kf2 Bxe2 30. Qxe2 Qxd5 31. g4 Rb8 32. Kg3 Qd6+ 33. Kh3 Qd7
34. Kg3 Re8 35. Qc4 Qd6+ 36. Kh3 h5 37. gxh5 gxh5 38. a4 1-0

[Event "Titled Tue 27th May Early"]
[Site "chess.com INT"]
[Date "2025.05.27"]
[Round "10"]
[White "Martin Fuentes, Alberto"]
[Black "Tekeyev, Zaur"]
[Result "0-1"]
[WhiteTitle "FM"]
[BlackTitle "IM"]
[WhiteElo "2376"]
[BlackElo "2417"]
[WhiteFideId "2292289"]
[BlackFideId "4199731"]
[EventDate "2025.05.27"]

1. e4 e5 2. Nf3 Nc6 3. d4 exd4 4. Bc4 Nf6 5. O-O Nxe4 6. Re1 d5 7. Bxd5 Qxd5 8.
Nc3 Qd7 9. Rxe4+ Be7 10. Nxd4 f5 11. Rf4 O-O 12. Nxc6 Qxc6 13. Qd5+ Qxd5 14.
Nxd5 Bd6 15. Rd4 Be5 16. Rd3 Kf7 17. Bf4 Bxf4 18. Nxf4 c6 19. h4 Re8 20. Rad1
Be6 21. a3 Re7 22. Rd4 Rae8 23. f3 Bc8 24. Kf2 g6 25. Rb4 h6 26. Rd2 g5 27. hxg5
hxg5 28. Nh3 Kf6 29. Rd6+ Re6 30. Rxe6+ Rxe6 31. f4 gxf4 32. Nxf4 Rd6 33. Ke3 c5
34. Rb3 b6 35. Rd3 Ke5 36. Rxd6 Kxd6 37. Ng6 Bb7 38. g3 Be4 39. c3 Kd5 40. Ne7+
Kc4 41. g4 fxg4 42. Kxe4 Kb3 43. Nf5 Kxb2 44. Kd3 Kb3 45. Ng3 b5 46. Ne4 c4+ 47.
Kd2 a5 48. Kc1 Kxa3 49. Kc2 b4 50. cxb4 axb4 51. Nd2 c3 52. Nc4+ Ka2 53. Ne3 g3
54. Nd5 g2 55. Nxb4+ Ka3 56. Kxc3 g1=Q 57. Nc2+ Ka4 0-1

[Event "Titled Tue 27th May Early"]
[Site "chess.com INT"]
[Date "2025.05.27"]
[Round "10"]
[White "Fernandes, Rogerio Paulo Muller"]
[Black "Ambrogi, Agustin"]
[Result "0-1"]
[BlackTitle "FM"]
[WhiteElo "2241"]
[BlackElo "2237"]
[WhiteFideId "2101599"]
[BlackFideId "170933"]
[EventDate "2025.05.27"]

1. c4 b6 2. Nf3 Bb7 3. g3 e5 4. Bg2 e4 5. Nd4 Nf6 6. O-O Qc8 7. Nc3 g6 8. d3
exd3 9. Qxd3 Bxg2 10. Kxg2 Bg7 11. Qe3+ Kf8 12. Rd1 h6 13. Qf3 c6 14. Bf4 Kg8
15. Be5 Nh5 16. Bxg7 Nxg7 17. Ne4 Ne8 18. Qf4 Kg7 19. Nf3 Rf8 20. Nd6 Nxd6 21.
Rxd6 Qe8 22. Qf6+ Kg8 23. Ne5 Qd8 24. Qxd8 Rxd8 25. Rad1 Re8 26. f4 a5 27. Kf3
Ra7 28. Nxd7 Nxd7 29. Rxd7 Rxd7 30. Rxd7 Rb8 31. e4 b5 32. c5 b4 33. Rc7 Rd8 34.
Ke2 Rd4 35. e5 Rc4 36. Kd2 Rxc5 37. b3 Rc3 38. Ra7 Rc5 39. Kd3 g5 40. Kd4 Rd5+
41. Ke4 gxf4 42. gxf4 h5 43. h4 Rc5 44. Kd4 Rd5+ 45. Kc4 Kf8 46. Ra6 Rd2 47.
Rxa5 Rf2 48. Kxb4 Rxf4+ 0-1

[Event "Titled Tue 27th May Early"]
[Site "chess.com INT"]
[Date "2025.05.27"]
[Round "10"]
[White "Jakubowski, Krzysztof"]
[Black "Kravtsiv, Martyn"]
[Result "0-1"]
[WhiteTitle "GM"]
[BlackTitle "GM"]
[WhiteElo "2448"]
[BlackElo "2598"]
[WhiteFideId "1112848"]
[BlackFideId "14113147"]
[EventDate "2025.05.27"]

1. e4 e5 2. Nf3 Nc6 3. Bc4 Nf6 4. Ng5 d5 5. exd5 Na5 6. Bb5+ c6 7. dxc6 bxc6 8.
Bd3 Nd5 9. h4 h6 10. Qh5 Qf6 11. Nh7 Rxh7 12. Bxh7 g6 13. Qe2 Nf4 14. Qf3 h5 15.
d4 Bg4 16. Qe4 O-O-O 17. c3 Nc4 18. Bxf4 exf4 19. O-O Kc7 20. Re1 Qxh4 21. b3 f3
22. gxf3 Nd6 23. Qf4 Bh6 24. Qg3 Qxg3+ 25. fxg3 Bxf3 26. c4 Bg7 27. Kh2 Bxd4 28.
Nd2 Bxa1 29. Nxf3 Bf6 30. Rf1 Rh8 31. Nd2 Bd8 32. c5 Nf5 33. Rxf5 gxf5 34. Bxf5
h4 35. g4 a5 36. Ne4 Be7 37. Kh3 Rd8 38. g5 Rd5 39. Bg4 Bxg5 0-1

[Event "Titled Tue 27th May Early"]
[Site "chess.com INT"]
[Date "2025.05.27"]
[Round "10"]
[White "Kiran, Manisha Mohanty"]
[Black "Carrasco Miranda, Andres"]
[Result "1/2-1/2"]
[WhiteTitle "WGM"]
[BlackTitle "CM"]
[WhiteElo "2031"]
[BlackElo "2211"]
[WhiteFideId "5019575"]
[BlackFideId "3405990"]
[EventDate "2025.05.27"]

1. e4 e5 2. Nf3 Nc6 3. Bb5 Nf6 4. O-O Nxe4 5. d4 Nd6 6. Bxc6 dxc6 7. dxe5 Nf5 8.
Qxd8+ Kxd8 9. Nc3 Ke8 10. h3 h5 11. Re1 Be6 12. b3 Bb4 13. Bb2 Bxc3 14. Bxc3 a5
15. a4 b6 16. Rad1 Rd8 17. Nd4 Nxd4 18. Rxd4 Rxd4 19. Bxd4 c5 20. Be3 Kd7 21.
Rd1+ Kc6 22. c4 Bf5 23. Rd2 Re8 24. f4 f6 25. g4 hxg4 26. hxg4 Bxg4 27. Rg2 f5
28. Rd2 g5 29. Kf2 gxf4 30. Bxf4 Rh8 31. Rd3 Re8 32. Kg3 Re7 33. Kh4 Rd7 34. Re3
Re7 35. Kg5 Kd7 36. Kf6 Re6+ 37. Kg5 Ke7 38. Re1 Kf7 39. Rh1 Rg6+ 40. Kh4 Bf3
41. Rf1 Be4 42. Kh5 Rg8 43. Rf2 Ke6 44. Kh6 Rg4 45. Kh5 Bc2 46. Rxc2 Rxf4 47.
Re2 Re4 48. Rd2 Rg4 49. Rd8 Rg3 50. Rc8 Kd7 51. Rf8 Rxb3 52. Rxf5 Rc3 53. Rf6
Rxc4 54. Kg6 Re4 55. Kf5 Re1 56. Rf7+ Kd8 57. Ke6 Kc8 58. Kd5 c4 59. Kc6 Kd8 60.
Rd7+ Ke8 61. Rxc7 Rxe5 62. Kxb6 Re4 63. Kxa5 Kd8 64. Rc5 Kd7 65. Kb5 Kd6 66.
Rxc4 Rxc4 67. Kxc4 Kc6 68. Kb4 Kb6 69. a5+ Ka6 70. Ka4 Ka7 71. Kb5 Kb7 72. a6+
Ka8 73. Ka5 Kb8 74. Kb5 Ka8 75. Kb6 Kb8 76. a7+ Ka8 77. Ka6 1/2-1/2

[Event "Titled Tue 27th May Early"]
[Site "chess.com INT"]
[Date "2025.05.27"]
[Round "10"]
[White "Kalyani Sirin"]
[Black "Arya G Mallar"]
[Result "1/2-1/2"]
[WhiteTitle "WFM"]
[BlackTitle "WCM"]
[WhiteElo "2136"]
[BlackElo "2014"]
[WhiteFideId "33323500"]
[BlackFideId "25115324"]
[EventDate "2025.05.27"]

1. Nf3 Nf6 2. g3 c5 3. Bg2 d5 4. O-O Nc6 5. d4 cxd4 6. Nxd4 e5 7. Nxc6 bxc6 8.
c4 Be6 9. Nc3 e4 10. cxd5 cxd5 11. Nb5 Bc5 12. Nd4 O-O 13. Be3 Rc8 14. Rc1 Bb6
15. Nc6 Qd6 16. Bxb6 axb6 17. Nd4 Qe5 18. e3 Rxc1 19. Qxc1 Rc8 20. Qd2 Qc7 21.
a4 h6 22. b4 Nd7 23. Nxe6 fxe6 24. Bh3 Qd6 25. Rc1 Rf8 26. a5 Ne5 27. Bg2 Nd3
28. Rb1 Rxf2 29. Qc3 Qf8 30. axb6 Rxg2+ 31. Kxg2 Qf2+ 32. Kh3 Qf5+ 33. Kg2 Qf2+
34. Kh3 Qf5+ 35. Kg2 Qf2+ 1/2-1/2

[Event "Titled Tue 27th May Early"]
[Site "chess.com INT"]
[Date "2025.05.27"]
[Round "10"]
[White "Dambaev, Dashi"]
[Black "Levitan, Judah Nathan"]
[Result "0-1"]
[WhiteTitle "CM"]
[BlackTitle "CM"]
[WhiteElo "2211"]
[BlackElo "2127"]
[WhiteFideId "55628494"]
[BlackFideId "14332639"]
[EventDate "2025.05.27"]

1. e4 c5 2. Nf3 e6 3. c3 Nf6 4. e5 Nd5 5. d4 cxd4 6. cxd4 d6 7. Bc4 Be7 8. O-O
O-O 9. Qe2 Bd7 10. Rd1 Bc6 11. Bd2 Qc7 12. Nc3 Nxc3 13. Bxc3 Bxf3 14. gxf3 Nd7
15. Rac1 Bg5 16. Rc2 d5 17. Bd3 Qd8 18. Kh1 Bf4 19. Qf1 f6 20. Qh3 g6 21. Qxe6+
Kg7 22. Qxd5 fxe5 23. dxe5 Qh4 24. Kg2 Qxh2+ 25. Kf1 Nxe5 26. Qxb7+ Kg8 27. Bc4+
Kh8 28. Rd7 Rab8 29. Qd5 Rfe8 30. Ke2 Bg3 31. Ke3 Bf4+ 32. Ke4 Qh4 33. Rxa7 Bd2+
34. f4 Qxf4# 0-1